000 00830cab a2200265 4500
001 ABS50029
008 090401t1994 xxu||||| |||| 00| 0 eng d
035 _a(Sirsi) u73741
041 _aeng
100 _aWalter, S.
245 _aEffect on freehold sites
260 _c1994
350 _a0
490 _aEstates Gazette
_v(9404) 29 January 1994, 122-125(3)
520 _aAdvises those involved in freehold development on the modification or extinguishment of existing restrictive covenants or easements in circumstances where they constitute a threat to development proposals.
650 _aDEEDS
650 _aEASEMENTS
650 _aREMEDIES
650 _aRESTRICTIVE COVENANTS
650 _aVARIATIONS
690 _aPROPERTY LAW AND PRACTICE
700 _aGaffney, M.
942 _n0
948 _c04/03/1997
999 _c46554
_d46554